Welcome to CU Library Online Public Access Catalogue (OPAC)

Applied risk management in agriculture (Record no. 1518)

MARC details
000 -LEADER
fixed length control field 00445nam a22001577a 4500
005 - DATE AND TIME OF LATEST TRANSACTION
control field 20241125161314.0
008 - FIXED-LENGTH DATA ELEMENTS--GENERAL INFORMATION
fixed length control field 241125b |||||||| |||| 00| 0 eng d
020 ## - INTERNATIONAL STANDARD BOOK NUMBER
International Standard Book Number 9781439809730
050 ## - LIBRARY OF CONGRESS CALL NUMBER
Classification number HD 1761.HOA
Item number 1
100 ## - MAIN ENTRY--PERSONAL NAME
Personal name Hoag,L .Dana
245 ## - TITLE STATEMENT
Title Applied risk management in agriculture
260 ## - PUBLICATION, DISTRIBUTION, ETC.
Place of publication, distribution, etc. United states
Name of publisher, distributor, etc. Taylor and Francis Group
Date of publication, distribution, etc. 2010
300 ## - PHYSICAL DESCRIPTION
Extent xv,403p
Other physical details index,graphs
500 ## - GENERAL NOTE
General note Tables, index, Graphs
942 ## - ADDED ENTRY ELEMENTS (KOHA)
Source of classification or shelving scheme Library of Congress Classification
Koha item type Books
Suppress in OPAC No
999 ## -
-- 1518
-- 1518
Holdings
Withdrawn status Lost status Source of classification or shelving scheme Damaged status Not for loan Collection Home library Current library Shelving location Date acquired Total checkouts Full call number Barcode Date last seen Copy number Price effective from Koha item type
    Library of Congress Classification     Non-fiction Business Library (Miotso) Business Library (Miotso) General stacks 02/07/2025   HD 1761 HOA BSSM00000737 02/07/2025 2 02/07/2025 Books
    Library of Congress Classification     Non-fiction Business Library (Miotso) Business Library (Miotso) General stacks 03/18/2026   HD1761 HOA BSSM00002921 03/18/2026 2 03/18/2026 Books
    Library of Congress Classification     Non-fiction Business Library (Miotso) Business Library (Miotso) General stacks 03/18/2026   HD1761 HOA BSSM00002922 03/18/2026 3 03/18/2026 Books
    Library of Congress Classification     Non-fiction Graduate Library (Christ Temple) Graduate Library (Christ Temple) General stacks 11/25/2024   HD 1761 HOA GSCT00000120 11/25/2024 1 11/25/2024 Books
    Library of Congress Classification     Non-fiction Undergraduate Library (Christ Temple) Undergraduate Library (Christ Temple) General stacks 03/24/2025   HD1761.H57 HOA ulct00001909 03/24/2025 1 03/24/2025 Books
© 2023-2024 Copyright: Central University Libraries. All Rights Reserved | Created by: Mahone Tech Office